000 00212nam a2200097Ia 4500
008 240331s9999 xx 000 0 und d
082 _bJEY
100 _aJeya M
245 0 _aThirumoolar kalaththin kyral
942 _cL
999 _c3715
_d3715